000 01782cam a22004337a 4500
003 CHAP
005 20220329142133.0
008 991011d1998 mx rs o00110 spa d
010 _a79021
011 _a79993
020 _a970-13-2370-X
020 _a970-13-2371-8
020 _a9701323726
035 _a90431
040 _cCHAP
082 0 4 _a338.972
_bI59 1998 Qro.
110 2 _aInstituto Nacional de Estadística, Geografía e Informática. México
_959304
245 1 0 _aCuaderno estadístico municipal :
_bQuerétaro
_c/por Instituto Nacional de Estadística, Geografía e Informática
260 _aAguascalientes, Ags. :
_bInstituto Nacional de Estadística, Geografía e Informática,
_c1999.
300 _av.
500 _aLa biblioteca tiene : v.1 Corregidora.--v.2 Tequisquiapan.--v.3 Jalpa de Serra
590 _aBATCH-UPD
_b10
_c20130110
_lUCH01
_h0138
590 _aBATCH-UPD
_b10
_c20130110
_lUCH01
_h1105
590 _aBATCH-UPD
_b10
_c20130409
_lUCH01
_h2136
590 _aBATCH-UPD
_b10
_c20130410
_lUCH01
_h0657
590 _aBATCH-UPD
_b10
_c20130913
_lUCH01
_h2044
590 _aCONVERSION
_b10
_c20130109
_lUCH01
_h1344
650 1 4 _aAgricultura
_xEstadísticas
_zQuerétaro.
_91464
650 1 4 _aGanadería
_xEstadísticas
_zQuerétaro.
_944722
650 1 4 _aQuerétaro
_xCondiciones económicas.
_993193
650 1 4 _aQuerétaro
_xCondiciones sociales.
_993195
650 1 4 _aQuerétaro
_xEstadísticas.
_993198
901 _aBK
905 _aLilia Sánchez G.
942 _cLIBRO
949 _a338.972 I59 1998 Qro.
_bBC
_cINEGI
_d33724000744017
_eINEGI
_fv.3
_h96456
_i90431
_sb
949 _a338.972 I59 1998 Qro.
_bBC
_cINEGI
_d33724000744025
_eINEGI
_fv.2
_h96455
_i90431
_sb
949 _a338.972 I59 1998 Qro.
_bBC
_cINEGI
_d33724000744033
_eINEGI
_fv.1
_h96454
_i90431
_sb
999 _c79021
_d79021